| 000 | 00497nam a22001577a 4500 | ||
|---|---|---|---|
| 003 | OSt | ||
| 005 | 20151004093139.0 | ||
| 008 | 151004b xxu||||| |||| 00| 0 eng d | ||
| 040 | _cRUA | ||
| 082 | _aAGR ថូ 1995 B010 Or.1 | ||
| 100 |
_91967 _aថូ, សំអាត |
||
| 245 | _aការអភិវឌ្ឍន៍វិស័យទេសចរណ៍នៅតំបន់ភ្នំតាម៉ៅ | ||
| 260 |
_aPhnom Penh _bRUA _c1995 |
||
| 300 |
_a56p. _bill. _c29cm. |
||
| 942 |
_2ddc _cAGR |
||
| 999 |
_c1858 _d1858 |
||